header

Logic from a rhetorical point of view (Record no. 212730)

MARC details
000 -LEADER
fixed length control field 01405nam a2200361Ia 4500
082 04 - DEWEY DECIMAL CLASSIFICATION NUMBER
Classification number 160
100 1# - MAIN ENTRY--AUTHOR NAME
Personal name Marciszewski, Witold.
245 10 - TITLE STATEMENT
Title Logic from a rhetorical point of view
260 ## - PUBLICATION, DISTRIBUTION, ETC. (IMPRINT)
Place of publication Berlin ;
-- New York :
Name of publisher W. de Gruyter,
Year of publication 1994.
300 ## - PHYSICAL DESCRIPTION
Number of Pages xv, 312 p.
490 1# - SERIES STATEMENT
Series statement Grundlagen der Kommunikation und Kognition =
-- Foundations of communication and cognition
650 #0 - SUBJECT ADDED ENTRY--TOPICAL TERM
Topical Term Logic.
Topical Term Reasoning.
Topical Term Rhetoric
856 40 - ELECTRONIC LOCATION AND ACCESS
Uniform Resource Identifier http://site.ebrary.com/lib/rucke/Doc?id=10597925

No items available.

© 2026 Rongo University
Contact us: librarian | system librarian | Rongo university